| 000 | 00711nam a22001937a 4500 | ||
|---|---|---|---|
| 999 |
_c22598 _d22598 |
||
| 003 | AR-CdUCM | ||
| 008 | 190427b ||||| |||| 00| 0 spa d | ||
| 020 | _a9786124394492 | ||
| 040 |
_aMUNICIPALIDAD PROVINCIAL DEL CUSCO _cBIBLIOTECA MUNICIPAL DEL CUSCO |
||
| 082 |
_aPI/869.56/C122F _bC122F |
||
| 100 |
_aCabana Kojachi, Pepe _948463 |
||
| 245 |
_aFrutaventura / _cPepe Cabana Kojachi "Mukashi Mukashi" ; [ilustración, Juan Manuel Oblitas Molina] |
||
| 260 |
_aLima : _bEdit. Khalamos, _c2018. |
||
| 300 |
_a15 pƔginas. : _bIlustraciones en color ; _c21 x 21 cm. |
||
| 650 |
_aCuentos infantiles peruanos _93914 |
||
| 700 |
_aOblitas, Juan Manuel _eilustrador _948607 |
||
| 942 |
_2ddc _cLIBROS |
||
| 945 | _arac | ||